Infinite distance architectural compositions by Helen Lundeberg (Record no. 11967)

MARC details
000 - LÍDER
campo de control de longitud fija 01000nam a2200205Ia 4500
008 - ELEMENTOS DE DATOS DE LONGITUD FIJA - INFORMACIÓN GENERAL
campo de control de longitud fija 0000002007 usa 0000000000eng00
020 ## - INTERNATIONAL STANDARD BOOK NUMBER
International Standard Book Number 9780974942162
090 ## - NÚMERO DE LLAMADA DE TIPO LC LOCALMENTE ASIGNADO (OCLC)
Número de clasificación (OCLC) (R) PUS00 C31i
100 1# - ENTRADA PRINCIPAL - NOMBRE PERSONAL
Nombre de la persona Chambers, Marie
245 10 - TÍTULO DECLARACIÓN
Título Infinite distance architectural compositions by Helen Lundeberg
Declaración de responsabilidad / essay by Marie Chambers ; photography by Ed Glendinning
260 ## - PUBLICACIÓN, DISTRIBUCIÓN
Lugar de publicación West Hollywood : Louis Stern Fine Arts
Fecha de publicación 2007
300 ## - DESCRIPCIÓN FÍSICA
Alcance 145 p.
Dimensiones / 29 cm.
500 ## - NOTA GENERAL
Nota general Exposición realizada en la galería Louis Stern Fine Arts, West Hollywood, California de junio 2 a agosto 25 de 2007 a Incluye cronoogía y biografía de la artista \ Proyecto Ganador Programa Apoyos Concertados FGAA 2010
600 00 - ENTRADA DE SUJETO AÑADIDO - NOMBRE PERSONAL
Nombre de la persona LUNDEBERG, HELEN, 19081999/
Subdivisión general TRABAJOS PICTORICOS \ LUNDEBERG, HELEN, 19081999 CRITICA E INTERPRETACION
650 14 - ENTRADA DE SUJETO AÑADIDO - TÉRMINO TÓPICO
Término tópico o elemento de entrada del nombre geográfico ARTISTAS PLASTICOS ESTADOUNIDENSES
650 14 - ENTRADA DE SUJETO AÑADIDO - TÉRMINO TÓPICO
Subdivisión general CATALOGOS
650 14 - ENTRADA DE SUJETO AÑADIDO - TÉRMINO TÓPICO
Subdivisión general EXPOSICIONES
650 14 - ENTRADA DE SUJETO AÑADIDO - TÉRMINO TÓPICO
Término tópico o elemento de entrada del nombre geográfico PINTORES ESTADOUNIDENSES
650 14 - ENTRADA DE SUJETO AÑADIDO - TÉRMINO TÓPICO
Término tópico o elemento de entrada del nombre geográfico PINTURA ESTADOUNIDENSE
Holdings
Estado de retirada Pérdida de estatus Estado dañado No para préstamo Código de recogida Ubicación permanente Ubicación actual Ubicación de las estanterías Fecha de adquisición Número de llamada completo Código de barras Fecha de la última vez que se vio Número de copia Precio efectivo desde Tipo de artículo Koha
        General ArtNexus ArtNexus General 06/09/2022 P-US-00 C31I 12087 06/09/2022 Ej.1 06/09/2022 Libro

Powered by Koha